000
00385nam a2200181Ia 4500
003
IT-RoPAU
008
120407s9999 xx 000 0 und d
040
_a
IT-RoPAU
040
_c
IT-RoPAU
100
_a
Giuseppe Perardi
245
_a
La dottrina cattolica. Virtù e peccati
250
_a
Torino
260
_a
Lice
300
_c
cm
490
_v
2
942
_c
BK
999
_c
7772
_d
7772